[Event "28PCR_F"]
[Site "?"]
[Date "2013.10.22"]
[Round "?"]
[White "Chvojka, Jaroslav"]
[Black "Postl, Rostislav"]
[Result "1/2-1/2"]
[WhiteElo "2199"]
[BlackElo "2286"]
[PlyCount "60"]
[EventDate "2013.??.??"]
[EventType "corr"]
[EventRounds "2"]
[SourceDate "2010.08.23"]

1. d4 d5 2. Nf3 Nf6 3. Bf4 c5 4. e3 cxd4 5. exd4 Bg4 6. h3 Bxf3 7. Qxf3 Nc6 8.
c3 e6 9. Bd3 Bd6 10. O-O Bxf4 11. Qxf4 Qb6 12. b3 O-O 13. Nd2 h6 14. Nf3 Rac8
15. Rfe1 Qa5 16. Qd2 Ne7 17. Rac1 Rc7 18. Qb2 Qb6 19. Qa3 Nc6 20. g3 Qa5 21.
Qb2 Rfc8 22. Kg2 a6 23. c4 Nb4 24. Bb1 dxc4 25. bxc4 Rxc4 26. Rxc4 Rxc4 27. a3
Nbd5 28. Qxb7 Qxa3 29. Qa8+ Qf8 30. Qxa6 Qc8 1/2-1/2

[Event "28PCR_F"]
[Site "?"]
[Date "2013.10.22"]
[Round "?"]
[White "Smolka, Jan"]
[Black "Chvojka, Jaroslav"]
[Result "0-1"]
[WhiteElo "2223"]
[BlackElo "2199"]
[PlyCount "56"]
[EventDate "2013.??.??"]
[EventType "corr"]
[EventRounds "2"]
[SourceDate "2010.08.23"]

1. e4 e5 2. Nf3 Nc6 3. Bb5 a6 4. Bxc6 dxc6 5. O-O f6 6. d4 Bg4 7. c3 c5 8. d5
Bd6 9. h3 Bh5 10. Re1 Ne7 11. Be3 c6 12. c4 cxd5 13. cxd5 O-O 14. Nbd2 b5 15.
Rc1 Rc8 16. b3 f5 17. g4 fxg4 18. Ng5 Ng6 19. hxg4 Nf4 20. Bxf4 exf4 21. Nxh7
Qh4 22. Nxf8 Bxg4 23. Nf3 Qh5 24. Rc3 Be5 25. Rd3 Rxf8 26. d6 Rd8 27. d7 Kh7
28. a4 c4 0-1

[Event "28PCR_F"]
[Site "?"]
[Date "2013.10.22"]
[Round "?"]
[White "Postl, Rostislav"]
[Black "Pressl, Ladislav"]
[Result "1-0"]
[WhiteElo "2286"]
[BlackElo "2155"]
[PlyCount "23"]
[EventDate "2013.??.??"]
[EventType "corr"]
[EventRounds "2"]
[SourceDate "2010.08.23"]

1. d4 Nf6 2. Nf3 d5 3. c4 e6 4. Nc3 Bb4 5. Bg5 O-O 6. e3 h6 7. Bh4 Nbd7 8. cxd5
exd5 9. Bd3 c5 10. O-O g5 11. Bg3 Bxc3 12. bxc3 1-0

[Event "28PCR_F"]
[Site "?"]
[Date "2013.10.22"]
[Round "?"]
[White "Nevole, Milan"]
[Black "Fejfar, Vlastimil"]
[Result "1-0"]
[WhiteElo "2388"]
[BlackElo "2097"]
[PlyCount "81"]
[EventDate "2013.??.??"]
[EventType "corr"]
[EventRounds "2"]
[SourceDate "2010.08.23"]

1. d4 Nf6 2. c4 e6 3. Nf3 b6 4. g3 c5 5. d5 exd5 6. cxd5 d6 7. Bg2 Be7 8. Nc3
O-O 9. O-O Re8 10. Qc2 Bb7 11. e4 Na6 12. a3 Qd7 13. Re1 Nc7 14. b3 b5 15. Nh4
g6 16. b4 c4 17. Nf3 Bf8 18. Be3 Bg7 19. Nd4 a6 20. Qd2 Rac8 21. Bh6 Bxh6 22.
Qxh6 Qe7 23. Qd2 Nd7 24. f4 f6 25. a4 bxa4 26. Nxa4 Na8 27. Nc3 Qf7 28. Qc2
Nab6 29. Qf2 Ra8 30. Ne6 Rec8 31. Reb1 Rab8 32. b5 a5 33. Rxa5 f5 34. Re1 fxe4
35. Nxe4 Qe7 36. Nc3 Qf6 37. Qd2 Re8 38. Ne4 Qe7 39. Nc7 Rec8 40. Na6 Ra8 41.
Nec5 1-0

[Event "28PCR_F"]
[Site "?"]
[Date "2013.10.22"]
[Round "?"]
[White "Urban, Miroslav"]
[Black "Goc, Pavel"]
[Result "1-0"]
[WhiteElo "2398"]
[BlackElo "2071"]
[PlyCount "67"]
[EventDate "2013.??.??"]
[EventType "corr"]
[EventRounds "2"]
[SourceDate "2010.08.23"]

1. c4 e5 2. Nc3 Nc6 3. Nf3 Nf6 4. d4 e4 5. Nd2 Bb4 6. e3 Bxc3 7. bxc3 O-O 8. g4
d6 9. g5 Ne8 10. h4 f5 11. f3 exf3 12. Qxf3 g6 13. Ba3 Ng7 14. O-O-O f4 15.
exf4 Nh5 16. Re1 Rxf4 17. Qe3 Bg4 18. Bg2 Qd7 19. c5 d5 20. c4 dxc4 21. d5 Nd4
22. Bb2 Ne2+ 23. Rxe2 Bxe2 24. c6 Qe8 25. Qc3 Kf7 26. Bh3 Rf5 27. Bxf5 gxf5 28.
Re1 bxc6 29. Nf3 Qe4 30. g6+ Ke7 31. Qa3+ Kd7 32. Ne5+ Ke8 33. gxh7 Qf4+ 34.
Kb1 1-0

[Event "28PCR_F"]
[Site "?"]
[Date "2013.10.22"]
[Round "?"]
[White "Vins, Karel"]
[Black "Kyzlink, Vladimir"]
[Result "0-1"]
[WhiteElo "1781"]
[BlackElo "2071"]
[PlyCount "77"]
[EventDate "2013.??.??"]
[EventType "corr"]
[EventRounds "2"]
[SourceDate "2010.08.23"]

1. e4 e5 2. Nf3 Nc6 3. Bb5 a6 4. Ba4 Nf6 5. d3 b5 6. Bb3 Be7 7. O-O d6 8. h3
O-O 9. c3 Bb7 10. Be3 a5 11. Nbd2 d5 12. Re1 d4 13. cxd4 exd4 14. Bf4 a4 15.
Bc2 Nb4 16. a3 Nxc2 17. Qxc2 c5 18. Ne5 Bd6 19. Bh2 Re8 20. Nef3 Bxh2+ 21. Nxh2
Rc8 22. f3 Re7 23. Rac1 Rec7 24. Qb1 Nh5 25. Rf1 Nf4 26. Kh1 Ne2 27. Ng4 Nxc1
28. Rxc1 Qg5 29. Nf1 Ba8 30. Nf2 Rc6 31. Rd1 Rg6 32. g3 h5 33. h4 Qe5 34. f4
Qe6 35. f5 Qxf5 36. Qc2 Qf3+ 37. Kh2 f5 38. Re1 f4 39. Qe2 0-1

[Event "28PCR_F"]
[Site "?"]
[Date "2013.10.22"]
[Round "?"]
[White "Vins, Karel"]
[Black "Stepan, Josef"]
[Result "0-1"]
[WhiteElo "1781"]
[BlackElo "1748"]
[PlyCount "80"]
[EventDate "2013.??.??"]
[EventType "corr"]
[EventRounds "2"]
[SourceDate "2010.08.23"]

1. e4 e5 2. Nf3 Nc6 3. Bb5 f5 4. Nc3 Nf6 5. d3 fxe4 6. Nxe4 d5 7. Bxc6+ bxc6 8.
Nxf6+ Qxf6 9. h3 Bd6 10. Bg5 Qf7 11. Qd2 O-O 12. Bh4 Bf5 13. O-O-O d4 14. b3 a5
15. g4 Bxg4 16. Ng5 Bb4 17. Nxf7 Bxd2+ 18. Rxd2 Bf3 19. Rg1 Rxf7 20. Kb2 a4 21.
Bg3 Re7 22. Re1 axb3 23. cxb3 Ra5 24. a3 Re8 25. Rc2 Rea8 26. Ra1 Kf7 27. b4
Rb5 28. Rc5 Rxc5 29. bxc5 Ke6 30. a4 Ra5 31. Bh4 Rxc5 32. a5 Rb5+ 33. Kc2 Rb7
34. Rb1 c5 35. Rxb7 Bxb7 36. Bg5 Ba6 37. Bd2 Kd5 38. f4 e4 39. dxe4+ Kxe4 40.
h4 c4 0-1

[Event "28PCR_F"]
[Site "?"]
[Date "2013.10.22"]
[Round "?"]
[White "Kyzlink, Vladimir"]
[Black "Urban, Miroslav"]
[Result "0-1"]
[WhiteElo "2071"]
[BlackElo "2398"]
[PlyCount "62"]
[EventDate "2013.??.??"]
[EventType "corr"]
[EventRounds "2"]
[SourceDate "2010.08.23"]

1. e4 c6 2. d4 d5 3. Nc3 dxe4 4. Nxe4 Bf5 5. Ng3 Bg6 6. h4 h6 7. Nf3 Nd7 8. Bd3
Bxd3 9. Qxd3 e6 10. Bd2 Ngf6 11. O-O-O Be7 12. Ne4 Nxe4 13. Qxe4 Nf6 14. Qe2 a5
15. Rhg1 Qd5 16. Kb1 Qb5 17. Qxb5 cxb5 18. Rde1 O-O 19. Ne5 Nd5 20. c3 Bxh4 21.
g3 Be7 22. Kc2 Rfd8 23. Kd3 Rac8 24. Re2 f6 25. Nf3 Kf7 26. Rge1 Rc6 27. Re4
Rdc8 28. Nh4 g5 29. Ng2 b4 30. Ne3 bxc3 31. Nxd5 cxd2 0-1

[Event "28PCR_F"]
[Site "?"]
[Date "2013.10.22"]
[Round "?"]
[White "Goc, Pavel"]
[Black "Nevole, Milan"]
[Result "1/2-1/2"]
[WhiteElo "2071"]
[BlackElo "2388"]
[PlyCount "35"]
[EventDate "2013.??.??"]
[EventType "corr"]
[EventRounds "2"]
[SourceDate "2010.08.23"]

1. e4 c5 2. c3 d5 3. exd5 Qxd5 4. d4 Nf6 5. Nf3 Nc6 6. dxc5 Qxd1+ 7. Kxd1 Bg4
8. b4 a5 9. b5 Ne5 10. Be2 Bxf3 11. gxf3 e6 12. Be3 Rc8 13. Rg1 Bxc5 14. f4 Ng6
15. Bf3 Nd5 16. Bxd5 exd5 17. a4 f5 18. Ra2 1/2-1/2

[Event "28PCR_F"]
[Site "?"]
[Date "2013.10.22"]
[Round "?"]
[White "Fejfar, Vlastimil"]
[Black "Postl, Rostislav"]
[Result "0-1"]
[WhiteElo "2097"]
[BlackElo "2286"]
[PlyCount "90"]
[EventDate "2013.??.??"]
[EventType "corr"]
[EventRounds "2"]
[SourceDate "2010.08.23"]

1. e4 e6 2. d4 d5 3. Nd2 c5 4. Ngf3 Nf6 5. exd5 exd5 6. Bb5+ Bd7 7. Bxd7+ Nbxd7
8. O-O Be7 9. Re1 O-O 10. dxc5 Nxc5 11. Nf1 Qc7 12. Be3 Ne6 13. Ng3 Bc5 14. c3
Bxe3 15. Rxe3 Rfe8 16. Qd2 Qb6 17. Rae1 g6 18. R3e2 Rac8 19. Qh6 Nc5 20. Nd4
Rxe2 21. Rxe2 Nfe4 22. Qh3 Re8 23. b4 Nd3 24. Qd7 Kf8 25. Nxe4 dxe4 26. a3 Nf4
27. Re1 Re7 28. Qc8+ Kg7 29. Qg4 Qf6 30. Qg3 Nd5 31. h3 h5 32. h4 e3 33. fxe3
Nxc3 34. Rf1 Ne4 35. Qf4 Qxf4 36. exf4 Rd7 37. Nf3 Rd3 38. Ra1 Kf6 39. Ne5 Rc3
40. Kh2 Rc7 41. Re1 Kf5 42. a4 Nf6 43. b5 Re7 44. g3 Ng4+ 45. Kg2 f6 0-1

[Event "28PCR_F"]
[Site "?"]
[Date "2013.10.22"]
[Round "?"]
[White "Pressl, Ladislav"]
[Black "Smolka, Jan"]
[Result "0-1"]
[WhiteElo "2155"]
[BlackElo "2223"]
[PlyCount "60"]
[EventDate "2013.??.??"]
[EventType "corr"]
[EventRounds "2"]
[SourceDate "2010.08.23"]

1. d4 Nf6 2. c4 g6 3. Nc3 d5 4. Nf3 Bg7 5. cxd5 Nxd5 6. e4 Nxc3 7. bxc3 c5 8.
Be2 O-O 9. O-O b6 10. Ba3 Qc7 11. Rc1 Bb7 12. d5 Nd7 13. Re1 Rad8 14. Qc2 Ne5
15. c4 Nxf3+ 16. Bxf3 Be5 17. h3 Bh2+ 18. Kh1 Be5 19. Rb1 Bc8 20. Red1 e6 21.
Rd3 exd5 22. cxd5 f5 23. Rbd1 Qf7 24. R3d2 fxe4 25. Qxe4 Bd6 26. Qh4 Qf4 27.
Qxf4 Rxf4 28. Rd3 Ra4 29. Re3 Bf5 30. Kg1 Bf4 0-1

[Event "28PCR_F"]
[Site "?"]
[Date "2013.10.22"]
[Round "?"]
[White "Stepan, Josef"]
[Black "Chvojka, Jaroslav"]
[Result "0-1"]
[WhiteElo "1748"]
[BlackElo "2199"]
[PlyCount "36"]
[EventDate "2013.??.??"]
[EventType "corr"]
[EventRounds "2"]
[SourceDate "2010.08.23"]

1. c4 e5 2. Nc3 Nf6 3. g3 Nc6 4. Bg2 Bc5 5. e3 d6 6. Nge2 Bg4 7. O-O O-O 8. a3
Bb6 9. b4 h5 10. h4 Qd7 11. Nd5 Nxd5 12. cxd5 Ne7 13. Bb2 a5 14. Re1 axb4 15.
axb4 Qb5 16. e4 Rxa1 17. Bxa1 Qd3 18. Kf1 f5 0-1

[Event "28PCR_F"]
[Site "?"]
[Date "2013.10.22"]
[Round "?"]
[White "Smolka, Jan"]
[Black "Fejfar, Vlastimil"]
[Result "1-0"]
[WhiteElo "2223"]
[BlackElo "2097"]
[PlyCount "85"]
[EventDate "2013.??.??"]
[EventType "corr"]
[EventRounds "2"]
[SourceDate "2010.08.23"]

1. e4 e5 2. Nf3 Nc6 3. Bb5 f5 4. Nc3 fxe4 5. Nxe4 d5 6. Nxe5 dxe4 7. Nxc6 Qg5
8. Qe2 Nf6 9. f4 Qxf4 10. d4 Qd6 11. Ne5+ c6 12. Bc4 Be6 13. c3 Be7 14. O-O O-O
15. Bg5 Rae8 16. Rae1 Bxc4 17. Qxc4+ Qd5 18. Qb3 Qxb3 19. axb3 Bd8 20. h3 h6
21. Bxf6 gxf6 22. Ng6 Rf7 23. Nh4 Bc7 24. Re2 Kh7 25. g4 Re6 26. Nf5 Rf8 27.
Kf2 Kg6 28. Ke3 Rd8 29. Nh4+ Kg7 30. Ref2 Rd7 31. Rf5 Bg3 32. Ng2 Kg6 33. Nf4+
Bxf4+ 34. R1xf4 Rde7 35. b4 Re8 36. b5 R8e7 37. bxc6 Rxc6 38. Rxe4 Rxe4+ 39.
Kxe4 Re6+ 40. Kd3 Re1 41. d5 Kf7 42. Rh5 Kg6 43. Kc4 1-0

[Event "28PCR_F"]
[Site "?"]
[Date "2013.10.22"]
[Round "?"]
[White "Postl, Rostislav"]
[Black "Goc, Pavel"]
[Result "1/2-1/2"]
[WhiteElo "2286"]
[BlackElo "2071"]
[PlyCount "101"]
[EventDate "2013.??.??"]
[EventType "corr"]
[EventRounds "2"]
[SourceDate "2010.08.23"]

1. d4 Nf6 2. Nf3 g6 3. c4 Bg7 4. Nc3 d6 5. e4 O-O 6. h3 e5 7. d5 Nh5 8. a3 f5
9. exf5 gxf5 10. Be2 Nf6 11. O-O Qe8 12. Re1 Qg6 13. Ng5 f4 14. Ne6 Bxe6 15.
dxe6 Nc6 16. Nd5 Nxd5 17. cxd5 Nd4 18. Bd3 Qg5 19. Bd2 Rae8 20. Be4 c6 21. Bc3
f3 22. g3 Qh5 23. Kh2 Kh8 24. Bxd4 exd4 25. dxc6 d5 26. Bd3 bxc6 27. Rc1 Rf6
28. Rxc6 Rh6 29. Bf1 Be5 30. Qd2 Rhxe6 31. Rxe6 Rxe6 32. Rc1 Kg7 33. Rc8 Rb6
34. Ra8 Rb7 35. Qa5 Qf7 36. Qd8 Bf6 37. Qh8+ Kh6 38. Qc8 Rd7 39. Bd3 Rd8 40.
Qc1+ Bg5 41. Qc6+ Kg7 42. Rxd8 Bxd8 43. Qc8 Bb6 44. Qg4+ Kf8 45. b4 h6 46. a4
Bc7 47. a5 Be5 48. Qc8+ Kg7 49. b5 Qe7 50. b6 axb6 51. a6 1/2-1/2

[Event "28PCR_F"]
[Site "?"]
[Date "2013.10.22"]
[Round "?"]
[White "Nevole, Milan"]
[Black "Kyzlink, Vladimir"]
[Result "1-0"]
[WhiteElo "2388"]
[BlackElo "2071"]
[PlyCount "69"]
[EventDate "2013.??.??"]
[EventType "corr"]
[EventRounds "2"]
[SourceDate "2010.08.23"]

1. e4 e5 2. Nf3 Nc6 3. Bb5 a6 4. Ba4 Nf6 5. O-O b5 6. Bb3 Be7 7. Re1 O-O 8. c3
d6 9. h3 Na5 10. Bc2 c5 11. d4 cxd4 12. cxd4 Bb7 13. d5 Rc8 14. b4 Nc4 15. a4
bxa4 16. Bxa4 Qb6 17. Nbd2 Rc7 18. Nxc4 Rxc4 19. Qd3 Rfc8 20. Be3 Qc7 21. Bd2
Qb6 22. b5 axb5 23. Bb3 Nd7 24. Bxc4 bxc4 25. Qb1 c3 26. Be3 Qc7 27. Rc1 Ba8
28. Ra3 c2 29. Qa2 Qd8 30. Rxc2 Rb8 31. Ra7 Bb7 32. Rb2 Bc8 33. Rxb8 Nxb8 34.
Qb3 Nd7 35. Qb5 1-0

[Event "28PCR_F"]
[Site "?"]
[Date "2013.10.22"]
[Round "?"]
[White "Urban, Miroslav"]
[Black "Vins, Karel"]
[Result "1-0"]
[WhiteElo "2398"]
[BlackElo "1781"]
[PlyCount "49"]
[EventDate "2013.??.??"]
[EventType "corr"]
[EventRounds "2"]
[SourceDate "2010.08.23"]

1. c4 e5 2. Nc3 Nf6 3. e4 Bc5 4. d3 d6 5. Be2 Be6 6. Nf3 h6 7. d4 exd4 8. Nxd4
c6 9. Bf4 Nbd7 10. Bxd6 Bxd6 11. Nxe6 fxe6 12. Qxd6 Qe7 13. O-O-O Qxd6 14. Rxd6
Ke7 15. Rhd1 Rad8 16. f4 h5 17. e5 Nd5 18. cxd5 cxd5 19. f5 Nf8 20. R1xd5 exd5
21. Nxd5+ Ke8 22. Bb5+ Nd7 23. e6 Rh6 24. Bxd7+ Rxd7 25. Rxd7 1-0